00282nam a2200121Ia 4500008004100000082001400041100002000055245002200075250000800097260002400105300001100129650002000140150201s2013 xx 000 0 und d a617bM13B aBHAT, M. SRIRAM aMANUAL OF SURGERY a4TH bJAYPEEaDELHIc2013 a1-1336 aGENERAL SURGERY